Statistics for Liga Portugal Teams 2021/22 - SOCCER

Click here to take the quiz!

General Stats

  • This quiz has been taken 64 times
  • The average score is 10 of 18

Answer Stats

TEAM% Correct
Benfica
98%
FC Porto
98%
Sporting
95%
Braga
85%
Belenenses
51%
Belenenses
51%
Santa Clara
51%
Gil Vicente
51%
Boavista
49%
Estoril
49%
Arouca
47%
Portimonense
45%
Tondela
44%
Vizela
40%
Moreirense
40%
Vitoria Guimaraes
36%
Famalicao
35%
Ferreira
15%

Score Distribution

Percentile by Number Answered

Percent of People with Each Score

Your Score History

You have not taken this quiz